| 000 | 00906nam a22003017a 4500 | ||
|---|---|---|---|
| 003 | CHAP | ||
| 005 | 20220817042051.0 | ||
| 008 | 971013s1980 br r 00010 spa d | ||
| 010 | _a33545 | ||
| 011 | _a34517 | ||
| 035 | _a38633 | ||
| 040 | _cCHAP | ||
| 082 | 0 | 4 |
_a583.17 _bE5 |
| 110 | 2 | _aEmpresa Brasileira de Pesquisa Agropecuaria | |
| 245 | 1 | _aBibliografía de malva | |
| 260 |
_aBrasilia, D.F. : _b(s.e.), _c1980 |
||
| 300 | _a64 p. | ||
| 590 |
_aBATCH-UPD _b10 _c20130110 _lUCH01 _h0105 |
||
| 590 |
_aBATCH-UPD _b10 _c20130110 _lUCH01 _h2301 |
||
| 590 |
_aBATCH-UPD _b10 _c20130410 _lUCH01 _h1553 |
||
| 590 |
_aBATCH-UPD _b10 _c20130914 _lUCH01 _h1836 |
||
| 590 |
_aCONVERSION _b10 _c20130109 _lUCH01 _h1319 |
||
| 650 | 1 | 4 |
_aMalva _xBibliografía. _970215 |
| 700 | 0 |
_aNassar, Nazira Leite. _980279 |
|
| 901 | _aBK | ||
| 942 | _cLIBRO | ||
| 949 |
_a583.17 E5 _bBC _cC _d33724000525275 _eC _h63072 _i38633 _mD _si |
||
| 999 |
_c33545 _d33545 |
||